000
00262nam a2200109Ia 4500
008
200302s9999 xx 000 0 und d
100
_a
Kenneth Frampton
245
_a
Kengo Kuma Complete Works
260
_b
Thames and Hudson Ltd.
260
_c
2012
300
_a
319
999
_c
3708
_d
3708